000 00829nam a2200265 4500
003 OSt
005 20260530113841.0
008 260506b2003 ne a|||| |||| 00| 0 eng d
020 _a90 6369 029 0
040 _aICI
_bspa
_cICI
050 _aNK2115
_bB75 2003
110 _aBritish Designers,
_eautor corporativo.
_930244
245 1 0 _aBD 03 :
_binterior, retail and event design /
_cBritish Designers.
264 1 _bBIS Publishers,
_c2003.
_aAmsterdam :
300 _a66 páginas
_c30cm.
336 _atexto
_2rdacontent
337 _asin medio
_2rdamedia
338 _avolumen
_2rdacarrier
650 _aInterior decoration.
_930245
650 0 _aStore decoration.
_930246
650 0 _aExhibition design.
_930247
650 0 _aCommercial spaces
_xDesign.
_930248
650 0 _aEnvironmental design.
_930249
942 _2lcc
_cBK
999 _c11129
_d11129